|
|
|
|
| LEADER |
00000naa2a2200000 4500 |
| 001 |
189860 |
| 005 |
20231101224235.0 |
| 035 |
|
|
|a (RuTPU)RU\TPU\book\206591
|
| 090 |
|
|
|a 189860
|
| 100 |
|
|
|a 20110112d2010 k y0rusy50 ca
|
| 101 |
0 |
|
|a rus
|
| 102 |
|
|
|a RU
|
| 200 |
1 |
|
|a Обоснования формы забоя выработки геохода
|f В. В. Аксёнов, В. Ю. Садовец, В. Ю. Бегляков
|
| 320 |
|
|
|a Библиогр.: 2 назв.
|
| 463 |
|
0 |
|0 (RuTPU)RU\TPU\book\199146
|y 978-5-98298-642-9
|t Инновационные технологии и экономика в машиностроении
|o сборник трудов Международной научно-практической конференции с элементами научной школы для молодых ученых, 20-21 мая 2010 г. г. Юрга
|f Национальный исследовательский Томский политехнический университет (ТПУ), Юргинский технологический институт (ЮТИ); под ред. Д. А. Чинахова
|v С. 492-496
|d 2010
|p 577 с.
|
| 610 |
1 |
|
|a геоходы
|
| 610 |
1 |
|
|a забой
|
| 610 |
1 |
|
|a выработка
|
| 610 |
1 |
|
|a труды учёных ТПУ
|
| 700 |
|
1 |
|a Аксёнов
|b В. В.
|c горный инженер
|c профессор Юргинского технологического института (филиала) Томского политехнического университета, доктор технических наук
|f 1955-
|g Владимир Валерьевич
|2 stltpush
|3 (RuTPU)RU\TPU\pers\26165
|9 11974
|
| 701 |
|
1 |
|a Садовец
|b В. Ю.
|c российский учёный в области механики
|c доцент Юргинского технологического института (филиал) Томского политехнического университета
|g Владимир Юрьевич
|2 stltpush
|3 (RuTPU)RU\TPU\pers\27713
|
| 701 |
|
1 |
|a Бегляков
|b В. Ю.
|c российский учёный в области горно-шахтного оборудования
|c старший преподаватель Юргинского технологического института (филиал) Томского политехнического университета
|g Вячеслав Юрьевич
|2 stltpush
|3 (RuTPU)RU\TPU\pers\25159
|
| 801 |
|
1 |
|a RU
|b 63413507
|c 20110112
|
| 801 |
|
2 |
|a RU
|b 63413507
|c 20170208
|g RCR
|
| 942 |
|
|
|c BK
|